Biology / Robert J. Brooker, Eric P. Widmaier, Linda E. Graham, Peter D. Stiling (Record no. 15986)

MARC details
000 -LEADER
fixed length control field 00891nam a22002777i 4500
003 - CONTROL NUMBER IDENTIFIER
control field URS
005 - DATE AND TIME OF LATEST TRANSACTION
control field 20220117150905.0
008 - FIXED-LENGTH DATA ELEMENTS--GENERAL INFORMATION
fixed length control field 181210s2011 nyu||||| |||| 00| 0 eng d
020 ## - INTERNATIONAL STANDARD BOOK NUMBER
International Standard Book Number 9780071324700
040 ## - CATALOGING SOURCE
Transcribing agency URS
050 14 - LIBRARY OF CONGRESS CALL NUMBER
Classification number QH 308.2
Item number B7908 2011
245 00 - TITLE STATEMENT
Title Biology / Robert J. Brooker, Eric P. Widmaier, Linda E. Graham, Peter D. Stiling
250 ## - EDITION STATEMENT
Edition statement Second edition
264 #1 - PRODUCTION, PUBLICATION, DISTRIBUTION, MANUFACTURE, AND COPYRIGHT NOTICE
Place of production, publication, distribution, manufacture New York
Name of producer, publisher, distributor, manufacturer McGraw-Hill
Date of production, publication, distribution, manufacture, or copyright notice 2011.
300 ## - PHYSICAL DESCRIPTION
Extent 1 volume (various pagings)
Other physical details color illustrations
Dimensions 28 cm
336 ## - CONTENT TYPE
Content type term text
Content type code txt
Source rdacontent
337 ## - MEDIA TYPE
Media type term unmediated
Media type code n
Source rdamedia
338 ## - CARRIER TYPE
Carrier type term volume
Carrier type code nc
Source rdacarrier
500 ## - GENERAL NOTE
General note Includes bibliographical references and index.
650 #0 - SUBJECT ADDED ENTRY--TOPICAL TERM
Topical term or geographic name entry element Biology
Form subdivision Textbooks
700 1# - ADDED ENTRY--PERSONAL NAME
Personal name Brooker, Robert J.
Relator term author
700 1# - ADDED ENTRY--PERSONAL NAME
Personal name Widmaier, Eric P.
Relator term author
700 1# - ADDED ENTRY--PERSONAL NAME
Personal name Graham, Linda E.
Relator term author
700 1# - ADDED ENTRY--PERSONAL NAME
Personal name Stiling, Peter D.
Relator term author
942 ## - ADDED ENTRY ELEMENTS (KOHA)
Koha item type Foreign Books
Source of classification or shelving scheme Library of Congress Classification
Holdings
Withdrawn status Source of classification or shelving scheme Damaged status Not for loan Collection code Home library Current library Shelving location Date acquired Source of acquisition Cost, normal purchase price Total Checkouts Total Renewals Full call number Barcode Date last seen Date last checked out Price effective from Koha item type
  Library of Congress Classification     Non-fiction Tanay College Library Tanay College Library Reserve Section 12/03/2015 Purchase 2298.00 3 19 QH 308.2 B7908 2011 URSTAN-N2025 07/23/2019 07/23/2019 03/10/2016 Foreign Books

University of Rizal System
Email us at univlibservices@urs.edu.ph

Visit our Website www.urs.edu.ph/library